UITU Library & LRC     

Islam chand Fiqre masael (Record no. 8194)

MARC details
000 -LEADER
fixed length control field 00444nam a2200181Ia 4500
008 - FIXED-LENGTH DATA ELEMENTS--GENERAL INFORMATION
fixed length control field 240925s9999 xx 000 0 und d
020 ## - INTERNATIONAL STANDARD BOOK NUMBER
International Standard Book Number NA
082 ## - DEWEY DECIMAL CLASSIFICATION NUMBER
Classification number 297.5 AHM
100 ## - MAIN ENTRY--PERSONAL NAME
Personal name Ahmed, Manzoor
245 #0 - TITLE STATEMENT
Title Islam chand Fiqre masael
250 ## - EDITION STATEMENT
Edition statement NA
260 ## - PUBLICATION, DISTRIBUTION, ETC.
Place of publication, distribution, etc. Lahore:
Name of publisher, distributor, etc. Islamic Publication
Date of publication, distribution, etc. ,2004.
300 ## - PHYSICAL DESCRIPTION
Extent xxi,647p.
Other physical details NA
Type of unit Original
500 ## - GENERAL NOTE
General note NA
600 ## - SUBJECT ADDED ENTRY--PERSONAL NAME
Personal name Humanities & Natural Science
650 ## - SUBJECT ADDED ENTRY--TOPICAL TERM
Topical term or geographic name entry element Religion
942 ## - ADDED ENTRY ELEMENTS (KOHA)
Koha item type Books
Holdings
Withdrawn status Lost status Damaged status Not for loan Collection Home library Current library Date acquired Source of acquisition Cost, normal purchase price Total checkouts Full call number Barcode Date due Date last seen Date last checked out Price effective from Koha item type
        Social Sciences UITU Library UITU Library 07/22/2004 Royal Book Company 750.00 1 297.5 AHM Q5695 11/04/2025 10/30/2025 10/30/2025 09/25/2024 Books

Powered by Koha